000 00304nam a2200133Ia 4500
005 20251222152021.0
008 251222s9999||||xx |||||||||||||| ||spa||
020 _a978-84-8476-398-7
082 _a634.04/A32
100 _a"AgustĂș, Manuel"
245 0 _aFruticultura
250 _a2a.ed.
942 _cLIB
999 _c25269
_d25269